| 000 | 00815cab a2200181 4500 | ||
|---|---|---|---|
| 001 | ##L133154 | ||
| 008 | 060418n2006 000 0 eng u | ||
| 035 | _a(Sirsi) u133154 | ||
| 041 | 0 | _aeng | |
| 100 | 1 | _aWilliams, Austin | |
| 245 | 0 | 0 |
_aManchester transport interchange _bit looked for all the world like a reclad concrete structure on a tight budget |
| 260 | _c2006 | ||
| 490 | 0 |
_aArchitects' Journal _v13(223) 6 April 2006, 25-37(13) |
|
| 520 | _aReports on the design and architecture of the Manchester (Shudehill) Transport Interchange, which comprises a tram stop, bus station and car park. Contains lay-out plans and details of a frameless glass façade on projecting brackets. | ||
| 590 | _aIKA250406 | ||
| 690 | _aPROPERTY-INFRASTRUCTURE-ROAD INFRASTRUCTURE-ROAD TRANSPORT FACILITIES | ||
| 942 | _n0 | ||
| 999 |
_c76831 _d76831 |
||